Представление документа в формате MARC21

ПолеНазваниеЗначение
  Тип записи a
  Библиографический уровень m
001 Контрольный номер RU\infra-m\znanium\bibl\2239139
005 Дата корректировки 20260429142342.2
008 Кодируемые данные 260203s2026 RU g rus u
020 Индекс ISBN __
a ISBN 978-5-16-006909-8
020 Индекс ISBN __
a ISBN 978-5-16-103944-1 (электр. издание)
040 Источник каталогиз. __
a Служба первич. каталог. Общество с ограниченной ответственностью «ЗНАНИУМ»
041 Код языка издания __
a Код языка текста rus
044 Код страны публикации __
a Код страны публикации RU
080 Индекс УДК __
a Индекс УДК 51(075.4)
084 Индекс другой классификации/Индекс ББК __
2 Источник индекса rubbk
a Индекс другой классификации/Индекс ББК 22.1
084 Индекс другой классификации/Индекс ББК __
2 Источник индекса okso
a Индекс другой классификации/Индекс ББК 44.03.01
084 Индекс другой классификации/Индекс ББК __
2 Источник индекса okso
a Индекс другой классификации/Индекс ББК 44.03.04
084 Индекс другой классификации/Индекс ББК __
2 Источник индекса okso
a Индекс другой классификации/Индекс ББК 44.03.05
084 Индекс другой классификации/Индекс ББК __
2 Источник индекса okso
a Индекс другой классификации/Индекс ББК 44.04.04
100 Автор __
a Автор Саввина О. А.
q Полное имя Саввина Ольга Алексеевна
u Дополнение Елецкий государственный университет им. И.А. Бунина
245 Заглавие __
a Заглавие Урок математики в дореволюционной средней школе
b Продолж. заглавия Монография
c Ответственность Елецкий государственный университет им. И.А. Бунина
250 Сведения об издании __
a Основные сведения об издании 1
260 Выходные данные __
a Место издания Москва
b Издательство ООО "Научно-издательский центр ИНФРА-М"
c Дата издания 2026
300 Физическое описание __
a Объем 80 с.
440 Серия __
a Серия Научная мысль
520 Аннотация __
a Аннотация Монография посвящена истории урока математики в средней школе России в конце XVIII - начале ХХ в. В книге на основе широкого круга первоисточников рассматриваются следующие сюжеты: становление этапов урока математики динамика его продолжительности генезис целей обучения математике и др. Издание адресовано студентам аспирантам преподавателям математики средней и высшей школы а также тем кого интересует история образования в России.
521 Примеч. о цел. назн. __
a Примеч. о целев. назн. Дополнительное профессиональное образование
650 Тематические рубрики __
a Основная рубрика Педагогика. Образование
x Основная подрубрика История образования и педагогики
655 Указ. предметных рубрик (устаревшее) __
a Жанр/ форма (устаревшее) Монография
700 Другие авторы __
a Другие авторы Марушкина И.А.
q Полное имя Марушкина Ираида Алексеевна
856 Электронный адрес документа 4_
a Имя сервера/домена znanium.ru
m Помощь ebs_support@infra-m.ru
n Местонахождение сервера НИЦ ИНФРА-М
u URL https://znanium.ru/catalog/document?id=477592
856 Электронный адрес документа 48
a Имя сервера/домена znanium.ru
d Путь /cover/2239
f Электронное имя 2239139.jpg
u URL https://znanium.ru/cover/2239/2239139.jpg
911 __
u 0030=https://znanium.ru/catalog/document?id=477592